|
|
|
|
| LEADER |
01263nam a22002777a 4500 |
| 001 |
39942 |
| 003 |
BD-DhAAL |
| 008 |
221103t2020 a|||| |||| 00| 0 eng d |
| 999 |
|
|
|c 44829
|d 44829
|
| 020 |
|
|
|a 9788269211504
|
| 040 |
|
|
|a BD-DhAAL
|c BD-DhAAL
|
| 082 |
|
|
|a 006.31
|2 23
|
| 100 |
|
|
|a Thakur, Abhishek,
|e author
|9 52173
|
| 245 |
|
|
|a Approaching (almost) any Machine learning problem /
|c Abhishek Thakur.
|
| 260 |
|
|
|a [Place of publication not identified] :
|b [Publisher not identified],
|c 2020.
|
| 300 |
|
|
|a 300 pages :
|b illustrations ;
|c 25 cm.
|
| 526 |
|
|
|a CSE
|
| 541 |
|
|
|a Paragon Enterprises LTD.
|e 39942, 39943
|
| 650 |
|
|
|a Machine learning.
|9 52174
|
| 650 |
|
|
|a Algorithms.
|9 52175
|
| 650 |
|
|
|a Data mining.
|9 52176
|
| 650 |
|
|
|a Computer science.
|9 52177
|
| 852 |
|
|
|a Ayesha Abed Library
|c General Stacks
|
| 942 |
|
|
|2 ddc
|c BK
|
| 952 |
|
|
|0 0
|1 0
|2 ddc
|4 0
|6 006_310000000000000_THA
|7 0
|9 72162
|a BRACUL
|b BRACUL
|c GEN
|d 2022-10-24
|e Paragon Enterprises LTD
|g 1200.00
|l 4
|m 63
|o 006.31 THA
|p 3010039942
|q 2026-05-18
|r 2025-10-25
|s 2025-10-25
|t 1
|v 1200.00
|w 2022-10-24
|y BK
|
| 952 |
|
|
|0 0
|1 0
|2 ddc
|4 0
|6 006_310000000000000_THA
|7 0
|9 72163
|a BRACUL
|b BRACUL
|c GEN
|d 2022-10-24
|e Paragon Enterprises LTD
|g 1200.00
|l 5
|m 83
|o 006.31 THA
|p 3010039943
|r 2026-05-17
|s 2025-12-22
|t 2
|v 1200.00
|w 2022-10-24
|y BK
|